Análisis evaluativo y plan global de la universidad de Guayaquil.

Đã lưu trong:
Chi tiết về thư mục
Tác giả chính: Hernández, Mercedes A. de (autor)
Tác giả khác: Arizaga Guerrero, Rafael (autor) (autor)
Định dạng: Sách
Ngôn ngữ:Tiếng Tây Ban Nha
Những chủ đề:
Các nhãn: Thêm thẻ
Không có thẻ, Là người đầu tiên thẻ bản ghi này!

MARC

LEADER 00000cam^a2200000uu^4500
001 000471958
005 20250521000000.0
008 050901s1985^^^^^^^^^^^^rd^r^^000^0^spa^d
009 20260310124638.422
035 |a FCE 000014766 
035 |a FCE 007044 
037 |a Acervo ITESO - Biblioteca 
041 |a spa 
082 0 4 |a 378.01  |b HERa 
100 |a Hernández, Mercedes A. de  |e (autor) 
245 1 0 |a Análisis evaluativo y plan global de la universidad de Guayaquil. 
264 |a Ecuador :  |b Universidad de Guayaquil,  |c 1985. 
300 |a 97 p. 
336 |a texto  |b txt  |2 rdacontenido 
337 |a sin mediación  |b n  |2 rdamedio 
338 |a volumen  |b nc  |2 rdasoporte 
649 |a XX 
650 |a Educación superior 
650 |a Estadísticas educativas 
650 |a Planificación de la educación 
650 |a Evaluación institucional 
650 |a Universidad de Guayaquil 
650 |a Ecuador 
700 |a Arizaga Guerrero, Rafael  |e (autor) 
910 |a Fondo Centro de Estudios Educativos 
920 |a Impresos - Libros 
930 |a Fondos Especiales 
905 |a 133 
901 |a ALE007044  |b IT2  |c CEE  |u 20250521 
902 |a https://opac.biblio.iteso.mx/vufind/Record/000471958